Online Catalogue and eLibrary

Udaipadum punithangl (Record no. 4047)

MARC details
000 -LEADER
fixed length control field 00336nam a2200145Ia 4500
005 - DATE AND TIME OF LATEST TRANSACTION
control field 20250325033226.0
008 - FIXED-LENGTH DATA ELEMENTS--GENERAL INFORMATION
fixed length control field 240331s9999 xx 000 0 und d
082 ## - DDC Classification
Item Number - Author Mark MAR
Class No. 894
100 ## - MAIN ENTRY--PERSONAL NAME
Personal name Marx, A
245 #0 - TITLE STATEMENT
Title Udaipadum punithangl
260 ## - PUBLICATION, DISTRIBUTION, ETC.
Place of publication, distribution, etc. Kovai
Name of publisher, distributor, etc. Vidiyal Pathippagam
Date of publication, distribution, etc. 1997
300 ## - PHYSICAL DESCRIPTION
Extent (e.g. Volumes, Pages etc.) 130 p .,
650 ## - SUBJECT ADDED ENTRY--TOPICAL TERM
Topical term or geographic name entry element Essays
942 ## - Koha item type (Biblio)
Koha item type Books in Stacks (Lending)
Holdings
Lost status Damaged status Collection code Home library Current library Shelving location Date acquired Full call number Accession Number Item type
    Lending WERC Library WERC Library Social Science Cupboard 03/31/2024 894.811 MAR 2942 Books in Stacks (Lending)

© WERC Library